00938nam a2200229 i 4500003000900000005001700009006001900026007000300045008004100048040003000089082001400119100003000133245014200163246003200305264004800337300002700385336002800412337003500440338003000475500013200505710007100637DO-SdBNP20240117145329.0a||||fr|||| 00| 0 ta240117e1900 dr ||||| m||| 00| 0 spa d aDO-SdBNPbspacBNPHUerda 4222bS211a1 aSánchez, Lorenzoeautor13aLa acción pública para la imposición de las penas es un derecho cuya sanción pertenece al orden internacional.cLorenzo Sánchez13aTesis para la licenciatura. 1aSanto Domingo :b"Cuna de América",c1900 a40 páginas ;c27 cm. 2rdacontentatexto btxt 2rdamedia asin mediación bn 2rdacarrier avolumen bnc aJurado Examinador: Licdo. Don Apolinar Tejera Presidente, Licdo. don Manuel de J. Galván. Vocales: F. Henríquez y Carvajal.1 aInstituto Profesional de Santo Domingo bFacultad de derecho Civil